Name Elements Containing Each Letter A-Z - Statistics

General Stats
  • This quiz has been taken 7,627 times
  • The average score is 182 of 278
Answer Stats
Starts With Contains # Possible Example Words % Correct
C C 12 Carbon
97%
C O 7 Carbon
96%
H H 5 Hydrogen
96%
C A 6 Carbon
95%
C R 8 Carbon
95%
S S 9 Sodium
95%
A A 7 Aluminium
94%
H E 2 Hydrogen
94%
S I 8 Sodium
94%
A N 6 Aluminium
93%
G G 4 Gallium
93%
H N 2 Hydrogen
93%
N N 8 Nitrogen
93%
O O 3 Oxygen
93%
B B 7 Beryllium
92%
B R 6 Beryllium
92%
C N 4 Carbon
92%
G L 3 Gallium
92%
H O 2 Hydrogen
92%
N E 6 Nitrogen
92%
O E 2 Oxygen
92%
O G 2 Oxygen
92%
O N 2 Oxygen
92%
S L 4 Silicon
92%
H D 1 Hydrogen
91%
H G 1 Hydrogen
91%
H I 4 Helium
91%
H M 4 Helium
91%
H R 1 Hydrogen
91%
H U 4 Helium
91%
H Y 1 Hydrogen
91%
N O 6 Nitrogen
91%
P P 9 Phosphorus
91%
P U 9 Phosphorus
91%
S R 5 Sulfur
91%
C I 9 Chlorine
90%
O X 1 Oxygen
90%
O Y 1 Oxygen
90%
P I 8 Potassium
90%
P M 8 Potassium
90%
C B 2 Carbon
89%
H L 2 Helium
89%
L L 6 Lithium
89%
M M 7 Magnesium
89%
P O 7 Phosphorus
89%
C L 4 Chlorine
88%
G D 2 Gadolinium
88%
G O 2 Gadolinium
88%
I I 4 Iron
88%
M E 6 Magnesium
88%
T T 11 Titanium
88%
A I 6 Aluminium
87%
B I 6 Beryllium
87%
B M 6 Beryllium
87%
I N 3 Iron
87%
M U 6 Magnesium
87%
N I 7 Nitrogen
87%
S E 3 Selenium
87%
S U 7 Sodium
87%
T N 6 Titanium
87%
A R 3 Argon
86%
B O 3 Boron
86%
C E 5 Chlorine
86%
C M 8 Calcium
86%
C U 8 Calcium
86%
P T 5 Potassium
86%
B U 5 Beryllium
85%
I O 2 Iron
85%
A M 4 Aluminium
84%
L M 5 Lithium
84%
L U 5 Lithium
84%
M N 5 Magnesium
84%
R R 8 Rubidium
84%
T I 9 Titanium
84%
L I 4 Lithium
83%
P A 5 Potassium
83%
R D 5 Rubidium
83%
Z C 2 Zinc
83%
Z I 2 Zinc
83%
Z N 2 Zinc
83%
Z Z 2 Zinc
83%
A U 3 Aluminium
82%
B N 2 Boron
82%
L T 3 Lithium
82%
M S 3 Magnesium
82%
S M 6 Sodium
82%
S O 4 Sodium
82%
T U 9 Titanium
82%
U A 1 Uranium
82%
U I 1 Uranium
82%
U M 1 Uranium
82%
U N 1 Uranium
82%
U R 1 Uranium
82%
U U 1 Uranium
82%
A O 2 Argon
81%
L H 2 Lithium
81%
M A 2 Magnesium
81%
M G 2 Magnesium
81%
N T 2 Nitrogen
81%
B E 3 Beryllium
80%
P S 3 Phosphorus
80%
F F 4 Fluorine
79%
F I 4 Fluorine
79%
F R 4 Fluorine
79%
F U 4 Fluorine
79%
I R 2 Iron
79%
M I 4 Magnesium
79%
P L 4 Palladium
79%
S V 1 Silver
79%
F N 2 Fluorine
78%
R I 7 Rubidium
78%
R M 7 Rubidium
78%
R U 7 Rubidium
78%
X E 1 Xenon
78%
X N 1 Xenon
78%
X O 1 Xenon
78%
X X 1 Xenon
78%
A G 1 Argon
76%
A L 1 Aluminium
76%
N G 1 Nitrogen
76%
N R 1 Nitrogen
76%
P N 4 Platinum
76%
B L 2 Beryllium
75%
R A 2 Radon
75%
I D 3 Indium
73%
R O 4 Rhodium
73%
C P 2 Copper
72%
S D 2 Sodium
72%
S N 4 Silicon
72%
B Y 1 Beryllium
71%
E E 3 Europium
71%
E I 3 Europium
71%
E M 3 Europium
71%
E U 3 Europium
71%
F E 3 Fluorine
71%
T M 8 Titanium
71%
T E 5 Technetium
70%
F L 2 Fluorine
69%
F O 2 Fluorine
69%
G A 3 Gallium
69%
G I 3 Gallium
69%
G M 3 Gallium
69%
G U 3 Gallium
69%
L A 3 Lanthanum
69%
L E 4 Lutetium
69%
A C 3 Arsenic
68%
A E 3 Arsenic
68%
C H 2 Chlorine
68%
R N 4 Ruthenium
66%
M Y 2 Molybdenum
65%
T A 3 Titanium
65%
T S 2 Tungsten
65%
E N 1 Einsteinium
64%
E S 1 Einsteinium
64%
E T 1 Einsteinium
64%
Y I 2 Yttrium
64%
Y M 2 Yttrium
64%
Y R 2 Yttrium
64%
Y T 2 Yttrium
64%
Y U 2 Yttrium
64%
Y Y 2 Yttrium
64%
I E 1 Iodine
63%
P R 4 Phosphorus
63%
A S 2 Arsenic
62%
K K 1 Krypton
61%
K N 1 Krypton
61%
K O 1 Krypton
61%
K P 1 Krypton
61%
K R 1 Krypton
61%
K T 1 Krypton
61%
K Y 1 Krypton
61%
S C 2 Silicon
61%
S F 1 Sulfur
61%
G N 2 Germanium
60%
P H 2 Phosphorus
60%
M C 2 Mercury
59%
T G 1 Tungsten
59%
F M 3 Francium
58%
G E 1 Germanium
58%
G R 1 Germanium
58%
L D 1 Lead
58%
V A 1 Vanadium
57%
V D 1 Vanadium
57%
V I 1 Vanadium
57%
V M 1 Vanadium
57%
V N 1 Vanadium
57%
V U 1 Vanadium
57%
V V 1 Vanadium
57%
M R 2 Mercury
56%
R H 4 Ruthenium
56%
A T 3 Antimony
54%
B A 1 Barium
54%
N L 2 Nickel
54%
F A 1 Francium
53%
F C 1 Francium
53%
Z M 1 Zirconium
53%
Z O 1 Zirconium
53%
Z R 1 Zirconium
53%
Z U 1 Zirconium
53%
N M 5 Niobium
52%
N U 5 Niobium
52%
C F 1 Californium
51%
I M 2 Indium
50%
I U 2 Indium
50%
C T 1 Cobalt
49%
N C 1 Nickel
49%
N K 1 Nickel
49%
R E 4 Ruthenium
49%
C D 1 Cadmium
48%
M D 2 Molybdenum
47%
M L 2 Molybdenum
47%
R T 3 Ruthenium
47%
B H 2 Bismuth
46%
P D 2 Palladium
46%
M O 2 Molybdenum
45%
O S 2 Osmium
45%
S A 3 Scandium
45%
T H 4 Technetium
45%
T L 4 Tellurium
45%
Y B 1 Ytterbium
44%
Y E 1 Ytterbium
44%
C S 1 Cesium
42%
E R 2 Europium
42%
R B 1 Rubidium
42%
T R 3 Tellurium
41%
A Y 1 Antimony
40%
H A 2 Hafnium
40%
D D 3 Dysprosium
39%
D I 3 Dysprosium
39%
D M 3 Dysprosium
39%
D U 3 Dysprosium
39%
R F 1 Rutherfordium
39%
H F 1 Hafnium
38%
L N 2 Lanthanum
38%
M B 1 Molybdenum
38%
M V 2 Mendelevium
38%
N B 2 Niobium
38%
O I 1 Osmium
36%
O M 1 Osmium
36%
O U 1 Osmium
36%
S T 1 Strontium
36%
B S 1 Bismuth
35%
B T 1 Bismuth
35%
D R 2 Dysprosium
35%
D S 2 Dysprosium
35%
L R 2 Lawrencium
35%
E O 1 Europium
33%
E P 1 Europium
33%
N P 1 Neptunium
33%
B K 1 Berkelium
32%
E B 1 Erbium
31%
O A 1 Oganesson
31%
D A 1 Darmstadtium
28%
D B 1 Dubnium
28%
D N 1 Dubnium
28%
D T 1 Darmstadtium
28%
L C 1 Lawrencium
28%
L W 1 Lawrencium
28%
T C 1 Technetium
28%
T O 1 Thorium
27%
D O 1 Dysprosium
26%
D P 1 Dysprosium
26%
D Y 1 Dysprosium
26%
S B 1 Seaborgium
26%
S G 1 Seaborgium
26%
L O 1 Livermorium
25%
L V 1 Livermorium
25%
H S 1 Hassium
24%
N D 1 Neodymium
24%
N Y 1 Neodymium
24%
P E 2 Praseodymium
24%
T B 1 Terbium
24%
N H 1 Nihonium
21%
R G 1 Roentgenium
21%
F V 1 Flerovium
20%
P C 1 Protactinium
19%
P Y 1 Praseodymium
19%
M T 1 Meitnerium
18%
No matching quizzes found
Score Distribution
Percent of People with Each Score
Percentile by Number Answered
Your Score History
You have not taken this quiz